| 000 | 01204 a2200313 4500 | ||
|---|---|---|---|
| 003 | OSt | ||
| 005 | 20180116192343.0 | ||
| 008 | 120529t xxu||||| |||| 00| 0 eng d | ||
| 010 | _a 2005024164 | ||
| 020 | _a0521809045 (hardback) | ||
| 020 | _a0521005396 (pbk.) | ||
| 020 | _a9780521005395 | ||
| 040 | _c0 | ||
| 082 | 0 | 0 | _a954.02 |
| 100 | 1 |
_aAsher, Catherine B. _92441 |
|
| 245 | 1 | 0 |
_aIndia before Europe / _cCatherine B. Asher and Cynthia Talbot. |
| 260 |
_aNew York : _bCambridge University Press, _c2006. |
||
| 300 |
_a313 p. : _c24 cm. |
||
| 651 | 0 |
_aIndia _xHistory _y1000-1765. _92442 |
|
| 651 | 0 |
_aSouth Asia _xHistory. _92443 |
|
| 651 | 0 |
_aIndia _xCivilization _y1200-1765. _92444 |
|
| 651 | 0 |
_aSouth Asia _xCivilization. _92445 |
|
| 700 | 1 |
_aTalbot, Cynthia. _92446 |
|
| 856 | 4 | 1 |
_3Table of contents only _uhttp://www.loc.gov/catdir/toc/ecip0517/2005024164.html |
| 856 | 4 | 1 |
_3Publisher description _uhttp://www.loc.gov/catdir/enhancements/fy0632/2005024164-d.html |
| 856 | 4 | 1 |
_3Contributor biographical information _uhttp://www.loc.gov/catdir/enhancements/fy0732/2005024164-b.html |
| 942 |
_aSADA _cBK _k954.02 ASH 2006 _2ddc |
||
| 999 |
_c352734 _d352734 |
||